We're going on a lion hunt / (Record no. 1977)

MARC details
000 -LEADER
fixed length control field 01052cam a2200337 a 4500
001 - CONTROL NUMBER
control field 1977
003 - CONTROL NUMBER IDENTIFIER
control field FISKH
005 - DATE AND TIME OF LATEST TRANSACTION
control field 20250826102438.0
008 - FIXED-LENGTH DATA ELEMENTS--GENERAL INFORMATION
fixed length control field 030210s1999 enka b 000 1 eng
010 ## - LIBRARY OF CONGRESS CONTROL NUMBER
LC control number 2003541593
020 ## - INTERNATIONAL STANDARD BOOK NUMBER
International Standard Book Number 04392278422
020 ## - INTERNATIONAL STANDARD BOOK NUMBER
International Standard Book Number 0333741498 (PB)
040 ## - CATALOGING SOURCE
Original cataloging agency DLC
Transcribing agency DLC
Modifying agency DLC
Language of cataloging eng
042 ## - AUTHENTICATION CODE
Authentication code lcac
050 00 - LIBRARY OF CONGRESS CALL NUMBER
Classification number PZ7.W4712
Item number .W4712 1999
082 00 - DEWEY DECIMAL CLASSIFICATION NUMBER
Classification number 823.92
Edition number 22
100 ## - MAIN ENTRY--PERSONAL NAME
Personal name Axtell, David
245 00 - TITLE STATEMENT
Title We're going on a lion hunt /
Statement of responsibility, etc. David Axtell
260 ## - PUBLICATION, DISTRIBUTION, ETC.
Place of publication, distribution, etc. New York :
Name of publisher, distributor, etc. Scholastic,
Date of publication, distribution, etc. 1999.
300 ## - PHYSICAL DESCRIPTION
Extent 25 pages :
Other physical details color illustrations ;
Dimensions 27 cm
505 ## - FORMATTED CONTENTS NOTE
Formatted contents note E<br/>
520 ## - SUMMARY, ETC.
Summary, etc. Two girls set out bravely in search of a lion, going through long grass, a swamp, and a cave before they find what they're looking for.
521 8# - TARGET AUDIENCE NOTE
Target audience note 260<br/>
Source Lexile<br/>
521 8# - TARGET AUDIENCE NOTE
Target audience note E<br/>
Source Raz-Plus<br/>
650 #1 - SUBJECT ADDED ENTRY--TOPICAL TERM
Topical term or geographic name entry element Lion
Form subdivision Fiction.
651 #1 - SUBJECT ADDED ENTRY--GEOGRAPHIC NAME
Geographic name Africa
Form subdivision Fiction.
700 1# - ADDED ENTRY--PERSONAL NAME
Personal name Axtell, David
Titles and other words associated with a name Illustrator
906 ## - LOCAL DATA ELEMENT F, LDF (RLIN)
a 7
b cbc
c orignew
d 3
e ncip
f 20
g y-gencatlg
942 ## - ADDED ENTRY ELEMENTS (KOHA)
Source of classification or shelving scheme Dewey Decimal Classification
Koha item type Books
Suppress in OPAC No
Holdings
Withdrawn status Lost status Source of classification or shelving scheme Damaged status Not for loan Collection Home library Current library Shelving location Date acquired Total Checkouts Full call number Barcode Date last seen Date last checked out Copy number Price effective from Koha item type
    Dewey Decimal Classification     Fiction Footprints International School Library Network Toul Kork Campus Footprints International School Library Network Toul Kork Campus TK Primary Library Room(4th Floor), Bookcase 7, Shelves 57-60, Dark Green Books 10/24/2023 1 AXT 823.92 PZ7.W4712 FISBK00633 01/24/2024 01/10/2024 1 10/24/2023 Books
    Dewey Decimal Classification     Juvenile Fiction Footprints International School Library Network Toul Kork Campus Footprints International School Library Network Toul Kork Campus TK Primary Library Room(4th Floor), Bookcase 7, Shelves 57-60, Dark Green Books 04/22/2025   AXT 823.92 PZ7.W4712 FISTK01795 04/22/2025   2 04/22/2025 Books
    Dewey Decimal Classification     Juvenile Fiction Footprints International School Library Network Toul Tom Poung Campus Footprints International School Library Network Toul Tom Poung Campus TTP Primary Green Bookshelves 08/26/2025   AXT 823.92 PZ7.W4712 2025-4244 08/26/2025   3 08/26/2025 Books